The earliest Christian artifacts : manuscripts and Christian origins /
محفوظ في:
المؤلف الرئيسي:
التنسيق: كتاب
اللغة: English
منشور في:
Grand Rapids, Mich. :
William B. Eerdmans Pub. Co.,
c2006.
الموضوعات:
الوسوم: إضافة وسم
لا توجد وسوم, كن أول من يضع وسما على هذه التسجيلة!
رقم الطلب: BR62 .H87 2006
| LEADER | 01265namaa2200265 4500 | ||
|---|---|---|---|
| 001 | 11948 | ||
| 003 | OSt | ||
| 005 | 20240801102258.0 | ||
| 008 | 130303s2006 miua b 001 0 eng d | ||
| 952 | |0 0 |1 0 |2 lcc |4 0 |6 BR0062 H87 02006 |7 1 |9 15098 |a ARCE |b ARCE |d 2021-06-02 |l 0 |o BR62 .H87 2006 |p 1010559 |r 2021-06-02 00:00:00 |w 2021-06-02 |y BK | ||
| 999 | |c 12223 |d 12223 | ||
| 010 | |a 2006022843 | ||
| 020 | |a 0802828957 | ||
| 040 | |c ARCE Library | ||
| 050 | 4 | |a BR62 .H87 2006 | |
| 100 | 1 | |a Hurtado, Larry W., |d 1943- |e author |9 32416 | |
| 245 | 1 | 4 | |a The earliest Christian artifacts : |b manuscripts and Christian origins / |c Larry W. Hurtado. |
| 264 | 1 | |a Grand Rapids, Mich. : |b William B. Eerdmans Pub. Co., |c c2006. | |
| 300 | |a xiv, 248 pages : |b illustrations ; |c 23 cm. | ||
| 504 | |a Includes bibliographical references and indexes. | ||
| 505 | 0 | |a 1. The Texts 2. The Early Christian Preference for the Codex 3. The Nomina Sacra 4. The Staurogram 5. Other Scribal Features Concluding Remarks Select Bibliography Appendix 1. Christian Literary Texts in Manuscripts of the Second and Third Centuries Appendix 2. Photographic Plates of Selected Manuscripts | |
| 650 | 0 | |a Christian literature, Early |x Manuscripts. | |
| 650 | 0 | |a Christianity |x Origin. | |
| 901 | |a reviewed | ||
| 942 | |c BK |2 lcc | ||
